000 00453nam a2200193 4500
001 3144076
005 20180130052900.0
008 720907s1972 nyua 000 0 eng
010 _a 73114406
040 _aDLC
_cDLC
_dDLC
041 _aeng
080 _a770.202 LIF
082 0 0 _a770.202 LIF
100 _a44
101 _aART
245 0 0 _aPhotographer's handbook.
906 _a7
_bcbc
_corignew
_d2
_encip
_f19
_gy-gencatlg
942 _2ddc
_cBK
999 _c41269
_d41269